Viac pozornosti rodinám s deťmi

Bibliographic Details
Main Author: Floreková, Alžbeta (Author)
Format: Article
Language:Slovak
PhysicalDescription:Obr. 1.
Subjects:

MARC

LEADER 00000nab a2200000 a 4500
001 vtls000165963
003 SK-MaSNL
005 20260304174858.0
008 111104c1983 xo 0 slo
015 |a SNBRB19rr/mm-uuuuu 
035 |a CL0176074 
040 |a SNKBUCL  |b slo  |c SNKBUCL  |e AACR2 
041 0 |a slo 
044 |a xo  |c SK 
080 |a 352/353  |2 1981 
080 |a 362.17  |2 1981 
080 |a 362.7  |2 1981 
100 1 |a Floreková, Alžbeta  |4 aut  |9 1016060 
245 1 0 |a Viac pozornosti rodinám s deťmi  |c Alžbeta Floreková 
300 |b Obr. 1. 
650 0 7 |a deti  |2 snkbucl  |9 773 
650 0 7 |a rodina  |2 snkbucl  |9 4138 
650 0 7 |a sociálna starostlivosť  |2 snkbucl  |9 3737 
650 0 7 |a národné výbory  |2 snkbucl  |9 59059 
651 7 |a 5400  |2 snkbucl  |9 279426 
655 7 |a články z novín a časopisov  |2 snkbucl  |9 267496 
773 0 |t Národné výbory  |g Č. 19 (1983), s. 24-25 
850 |a Slovenská národná knižnica v Martine  |a MTA001 
852 |a SNK  |b KIS3GCP 
958 |a RK 
992 |a RBX 
999 |c 3010807  |d 3012737